000 00246nam a2200097Ia 4500
008 190216s9999||||xx |||||||||||||| ||und||
100 _aKrishnan C N
245 0 _aSocialist Chinthayum Dhana Shashthravum
260 _bKerala Basha Inst
942 _cBK
999 _c37793
_d37793